Précis of procedure. (Record no. 2488)

MARC details
000 -LEADER
fixed length control field 01041nam a2200325 a 4500
001 - CONTROL NUMBER
control field 4371791
003 - CONTROL NUMBER IDENTIFIER
control field OSt
005 - DATE AND TIME OF LATEST TRANSACTION
control field 20230623122407.0
008 - FIXED-LENGTH DATA ELEMENTS--GENERAL INFORMATION
fixed length control field 901108s1990 onc b f001 0 eng
010 ## - LIBRARY OF CONGRESS CONTROL NUMBER
LC control number 90213923
020 ## - INTERNATIONAL STANDARD BOOK NUMBER
International Standard Book Number 0660557533
040 ## - CATALOGING SOURCE
Original cataloging agency DLC
Transcribing agency DLC
041 0# - LANGUAGE CODE
Language code of text/sound track or separate title engfre
043 ## - GEOGRAPHIC AREA CODE
Geographic area code n-cn---
082 00 - DEWEY DECIMAL CLASSIFICATION NUMBER
Classification number 328.71/05
Edition number 20
Item number CPHC
110 1# - MAIN ENTRY--CORPORATE NAME
Corporate name or jurisdiction name as entry element Canada.
Subordinate unit Parliament.
-- House of Commons.
245 10 - TITLE STATEMENT
Title Précis of procedure.
250 ## - EDITION STATEMENT
Edition statement 3rd ed.
260 ## - PUBLICATION, DISTRIBUTION, ETC. (IMPRINT)
Place of publication, distribution, etc. [Ottawa, Ont.] :
Name of publisher, distributor, etc. Table Research Branch,
Date of publication, distribution, etc. c1990.
300 ## - PHYSICAL DESCRIPTION
Extent iii, 153, 167, iii p. ;
Dimensions 25 cm.
500 ## - GENERAL NOTE
General note English and French.
500 ## - GENERAL NOTE
General note Title on added t.p.: Précis de procédure.
500 ## - GENERAL NOTE
General note Errata slip inserted.
504 ## - BIBLIOGRAPHY, ETC. NOTE
Bibliography, etc Includes bibliographical references and index.
610 10 - SUBJECT ADDED ENTRY--CORPORATE NAME
Corporate name or jurisdiction name as entry element Canada.
Subordinate unit Parliament.
-- House of Commons
General subdivision Rules and practice.
740 0# - ADDED ENTRY--UNCONTROLLED RELATED/ANALYTICAL TITLE
Uncontrolled related/analytical title Précis de procédure.
906 ## - LOCAL DATA ELEMENT F, LDF (RLIN)
a 7
b cbc
c orignew
d 2
e ncip
f 19
g y-gencatlg
942 ## - ADDED ENTRY ELEMENTS (KOHA)
Source of classification or shelving scheme Dewey Decimal Classification
Koha item type Books
Holdings
Withdrawn status Lost status Source of classification or shelving scheme Damaged status Not for loan Home library Current library Date acquired Total Checkouts Full call number Barcode Date last seen Price effective from Koha item type
    Dewey Decimal Classification     County Hall Archives County Hall Archives 06/23/2023   328.71/05 CPHC 10011368 06/23/2023 06/23/2023 Books
LIBRARY OPENING HOURS

When the Parliament is sitting: 8.00a.m - 7.00p.m or until the house adjourns
Mondays and Fridays and when the House is on Recess:  8.00a.m - 5.00p.m
Closed on Weekends and Public Holidays

Online Public Access Catalog (OPAC)
Website: http://www.parliament.go.ke
Bunge Library: https://libraryir.parliament.go.ke
Contact: library@parliament.go.ke | Tel no: (254-2)2221291 or 2848000 Ext 5043